000 00333nam a22001457a 4500
008 230719b ||||| |||| 00| 0 eng d
020 _a9780198547811
041 _aeng
080 _a616.073
082 _a616.073OSA
100 _a12
101 _aGJENETIK
245 _aEVOLUTION OF THE GENETIC CODE
_cOSAWA .S
942 _2udc
_cBK
999 _c60173
_d60173